00703cam a2200217 a 450000100070000000500170000700800410002402000280006502000350009304000180012808200120014624500950015826000380025330000170029165000220030865000240033070000270035494200060038195200850038799900130047271032720240202055638.0970822s1998 maua b 001 0 eng  a0631203419 (alk. paper) a0631203427 (pbk. : alk. paper) aDLCcDLCdDLC00a30622100aTheorizing multiculturalism :ba guide to the current debate /cedited by Cynthia Willett. aMalden, Mass :bBlackwell,c1998. axi, 466 p. : 0aMulticulturalism. 0aCultural pluralism.1 aWillett, Cynthia,eedt cL 001040708LaWERCLbWERCLd2024-02-02l0o306p2718r2024-02-02w2024-02-02yL c284d284